Normal view
MARC view
Entry Personal Name
001 - CONTROL NUMBER
- control field: 11751
003 - CONTROL NUMBER IDENTIFIER
- control field: OSt
005 - DATE AND TIME OF LATEST TRANSACTION
- control field: 20170303144828.0
008 - FIXED-LENGTH DATA ELEMENTS
- fixed length control field: 170303|| aca||aabn | a|a d
040 ## - CATALOGING SOURCE
- Original cataloging agency: OSt
- Transcribing agency: OSt
100 ## - HEADING--PERSONAL NAME
- Personal name: Go'mez,Cesar;Ruiz-Altaba,Marti;Sierra,German;
670 ## - SOURCE DATA FOUND
- Source citation: Work cat.: (OSt): Go'mez,Cesar;Ruiz-Altaba,Marti;Sierra,German;, Quantum Groups in Two-Dimensional Physics., 1996.
